[Event "Let's Play 866"]
[Site "http://www.queenalice.com/game.php?id=1861550"]
[Date "2025.8.17"]
[Round "-"]
[White "alterego"]
[Black "digger"]
[Result "0-1"]
[WhiteElo "1604"]
[BlackElo "1669"]

1. d4 e6 2. c4 c5 3. g3 b6 4. Nf3 cxd4 5. Nxd4 Bb7 6. Nf3 e5 7. Nc3 h6 8. Bg2
Qc7 9. b3 b5 10. O-O Nf6 11. Nxb5 Qc5 12. Be3 Qc8 13. Nxe5 Bxg2 14. Kxg2 Ne4 15.
Qd5 Nc6 16. Qxe4 Be7 17. Nxc6 Qxc6 18. Nc7+ Qxc7 19. Qxa8+ Bd8 20. Qe4+ Be7 21.
Rad1 d6 22. Rd5 O-O 23. Qg4 Kh7 24. Bd4 g6 25. f4 Rg8 26. f5 Bg5 27. fxg6+ fxg6
28. Qh3 Qe7 29. Re1 a5 30. Bc3 Qe4+ 31. Kf1 Rf8+ 0-1

[Event "Let's Play 867"]
[Site "http://www.queenalice.com/game.php?id=1861551"]
[Date "2025.8.26"]
[Round "-"]
[White "digger"]
[Black "alterego"]
[Result "0-1"]
[WhiteElo "1673"]
[BlackElo "1592"]

1. Nf3 g6 2. d4 Bg7 3. e4 e6 4. e5 Ne7 5. Bg5 O-O 6. Nc3 a6 7. Bc4 d5 8. Bb3 Bd7
9. O-O b5 10. a3 Nbc6 11. Qe2 Na5 12. Rfe1 Nxb3 13. cxb3 f6 14. exf6 Bxf6 15. a4
Bxg5 16. Nxg5 Nf5 17. Qd2 b4 18. Na2 a5 19. Rac1 Qf6 20. Rxc7 Bc8 21. Nf3 Qd8
22. Rec1 Nd6 23. Ng5 Nc4 24. bxc4 Qxc7 25. b3 e5 26. cxd5 Qd6 27. Rc5 Rf5 28.
Ne4 Qd8 29. Qd3 Ba6 30. Qe3 exd4 31. Qxd4 Ra7 32. d6 Rf4 33. Rd5 Rd7 34. f3 Bb7
35. Rb5 Rxd6 36. Qc4+ Bd5 37. Qc5 Rd7 38. Nd2 Bxb3 39. Nxb3 Rd1+ 40. Kf2 Qh4+
41. Ke2 Qe1# 0-1

[Event "Let's Play 869"]
[Site "http://www.queenalice.com/game.php?id=1861553"]
[Date "2025.8.28"]
[Round "-"]
[White "digger"]
[Black "alterego"]
[Result "0-1"]
[WhiteElo "1694"]
[BlackElo "1574"]

1. e4 g6 2. d4 Bg7 3. c3 Nf6 4. Qf3 O-O 5. Bg5 d6 6. Nd2 a6 7. O-O-O b5 8. e5
dxe5 9. Qxa8 Nbd7 10. dxe5 Nb6 11. Qc6 Be6 12. b3 Nfd7 13. Ne4 Qc8 14. Bxe7 Nxe5
15. Qc5 Bh6+ 16. Kc2 Ned7 17. Qc6 Re8 18. Bf6 Bg4 19. f3 Bf5 20. Bd3 Re6 21.
Qxe6 fxe6 22. Bd4 c5 23. Bf2 c4 24. bxc4 bxc4 25. Be2 Nd5 26. Nh3 Qc6 27. Bg3
Ne3+ 28. Kd2 Qd5+ 29. Kc1 Nxd1+ 30. Kc2 Qd2+ 31. Kb1 Nxc3+ 32. Ka1 Qxa2# 0-1

[Event "Challenge"]
[Site "http://www.queenalice.com/game.php?id=1861626"]
[Date "2025.8.15"]
[Round "-"]
[White "digger"]
[Black "Capixaba789"]
[Result "0-1"]
[WhiteElo "1697"]
[BlackElo "1892"]

1. c4 d5 2. b3 d4 3. d3 e5 4. Nf3 f5 5. Nxe5 Nf6 6. Bb2 c5 7. Qd2 Bd6 8. Nf3 O-O
9. a3 Be6 10. b4 b6 11. Ng5 Bd7 12. e3 dxe3 13. fxe3 Re8 14. Be2 Nc6 15. O-O Ne5
16. bxc5 bxc5 17. d4 cxd4 18. exd4 Neg4 19. g3 Ne4 20. Nxe4 Rxe4 21. Bf3 Re6 22.
Bxa8 Qxa8 23. d5 Rh6 24. Qc3 Bc5+ 25. Kh1 Rxh2# 0-1

[Event "Challenge"]
[Site "http://www.queenalice.com/game.php?id=1862167"]
[Date "2025.8.26"]
[Round "-"]
[White "digger"]
[Black "Capixaba789"]
[Result "1-0"]
[WhiteElo "1654"]
[BlackElo "1924"]

1. d4 e5 2. dxe5 Bc5 3. e3 Nh6 4. h3 d5 5. exd6 cxd6 6. Bc4 Nc6 7. Qf3 Qe7 8.
Nc3 Bf5 9. Bb3 Bg6 10. Nge2 a5 11. a3 a4 12. Bc4 Nf5 13. g4 Nh6 14. Bd3 Ne5 15.
Qg3 Nxd3+ 16. cxd3 Bxd3 17. Nf4 Be4 18. O-O Bc6 19. Ng2 f6 20. Bd2 f5 21. g5 Nf7
22. h4 Ne5 23. Ne1 g6 24. Rd1 h5 25. Nb1 O-O 26. Bc3 Be4 27. Nd2 Bc6 28. Bxe5
dxe5 29. Nc4 f4 30. exf4 exf4 31. Qh3 Qe2 32. Nd3 Bxf2+ 33. Nxf2 Qxc4 34. Nd3 f3
35. Ne5 Qc5+ 36. Rf2 Qxe5 37. Qh2 Qxh2+ 38. Kxh2 Rae8 39. Rd6 Re2 40. Kg3 Rxf2
41. Kxf2 Kg7 42. Re6 Be4 43. Rxe4 b5 44. Rb4 Rf5 45. Re4 Kf7 46. Re3 Rf4 47.
Rxf3 Rxf3+ 48. Kxf3 Ke6 49. Ke4 Kd6 50. Kd4 Kc6 51. Ke5 Kc5 52. Kf6 Kc4 53. Kxg6
Kb3 54. Kxh5 Kxb2 55. g6 Kxa3 56. g7 1-0

[Event "Escacs 180"]
[Site "http://www.queenalice.com/game.php?id=1862736"]
[Date "2025.9.8"]
[Round "-"]
[White "digger"]
[Black "alterego"]
[Result "0-1"]
[WhiteElo "1697"]
[BlackElo "1607"]

1. d4 g6 2. Bf4 Bg7 3. c3 a6 4. e4 b5 5. a3 Nf6 6. Bd3 Bb7 7. f3 O-O 8. Nh3 d6
9. O-O Nh5 10. Be3 c5 11. d5 c4 12. Bc2 Nd7 13. Ng5 e6 14. dxe6 Nc5 15. Nxf7 Qe7
16. Nxd6 Bc6 17. Bxc5 Qxe6 18. a4 b4 19. Bxb4 Nf4 20. Re1 Rad8 21. Na3 Be5 22.
g3 Qh3 23. Qd2 Rf6 24. gxf4 Bxd6 25. e5 Bc5+ 26. Bxc5 Rxd2 27. Bd1 Qg2# 0-1

[Event "Let's Play 870"]
[Site "http://www.queenalice.com/game.php?id=1862814"]
[Date "2025.9.12"]
[Round "-"]
[White "digger"]
[Black "alterego"]
[Result "0-1"]
[WhiteElo "1670"]
[BlackElo "1639"]

1. d4 g6 2. e4 Bg7 3. c3 a6 4. Nf3 b5 5. Bf4 Nf6 6. Qd3 d5 7. e5 Bf5 8. Qd2 Ne4
9. Qe3 e6 10. Nfd2 Nxd2 11. Nxd2 O-O 12. Bd3 Bxd3 13. Qxd3 Qh4 14. g3 Qh3 15.
Nf3 Nd7 16. O-O-O Qg4 17. h3 Qf5 18. Nh4 Qxd3 19. Rxd3 Nb6 20. b3 f5 21. Rf3 Nd7
22. Kc2 c5 23. Rd1 cxd4 24. cxd4 Rfc8+ 25. Kb2 Rc6 26. b4 Nb6 27. Rc1 Nc4+ 28.
Ka1 Bf8 29. Rcc3 Bxb4 30. Rc1 Rac8 31. Rb3 a5 32. Nf3 Be7 33. Rxb5 Ba3 34. Rc2
Bb4 35. Kb1 Na3+ 36. Kb2 Rxc2+ 37. Kb3 Nxb5 38. Be3 R8c3+ 39. Ka4 Nc7 40. a3
Rxa3# 0-1

[Event "Let's Play 871"]
[Site "http://www.queenalice.com/game.php?id=1862815"]
[Date "2025.9.12"]
[Round "-"]
[White "alterego"]
[Black "digger"]
[Result "0-1"]
[WhiteElo "1656"]
[BlackElo "1653"]

1. d4 d5 2. c4 c6 3. c5 Bf5 4. g3 Qc7 5. Bf4 Qa5+ 6. Bd2 Qc7 7. a3 e5 8. Nf3 e4
9. Bf4 Qd8 10. Ne5 f6 11. Nf7 Kxf7 12. e3 Qd7 13. Nc3 Bg4 14. Qb3 a5 15. a4 Qd8
16. Nxe4 Bf3 17. Rg1 Bxe4 18. Be2 g6 19. Qxb7+ Nd7 20. Qxc6 Rc8 21. Qb7 Ne7 22.
Qb3 g5 23. Bh5+ Kg7 24. Bd6 Kh6 25. Qd1 Nf5 26. Bf4 gxf4 27. gxf4 Ng7 28. f3 Bf5
29. e4 dxe4 30. Bg4 Nb8 31. Bxf5 Nxf5 32. fxe4 Nxd4 33. Qg4 Nc2+ 34. Ke2 Qe8 35.
Qh4+ Qh5+ 36. Rg4 Rxc5 37. Rg1 Be7 38. f5 Nd4+ 39. Kf2 Rc2+ 40. Ke3 Rxh2 41. Qg3
Rh3 42. Qxh3 Qxh3+ 43. Kxd4 Rd8+ 44. Kc4 Rc8+ 45. Kb5 Rc5+ 46. Kb6 Nd7+ 47. Ka6
Qd3+ 48. Ka7 Rc7+ 49. Ka8 Qa6# 0-1

[Event "Let's Play 872"]
[Site "http://www.queenalice.com/game.php?id=1862816"]
[Date "2025.9.14"]
[Round "-"]
[White "digger"]
[Black "Givanildo"]
[Result "1-0"]
[WhiteElo "1715"]
[BlackElo "1375"]

1. e4 d5 2. e5 Bf5 3. d4 e6 4. Bd2 a5 5. c3 Nh6 6. h3 Be7 7. g4 Bg6 8. f3 O-O 9.
Bxh6 gxh6 10. h4 h5 11. g5 Nc6 12. Nd2 b5 13. Bxb5 Na7 14. Ba4 c6 15. Nh3 h6 16.
gxh6 Bxh4+ 17. Nf2 Qg5 18. Ke2 Kh7 19. Bc2 f5 20. Rg1 Qxh6 21. Nd3 Bg5 22. Nc5
Nb5 23. Rg2 Rg8 24. Ndb3 a4 25. Nxe6 Bf4 26. Nbc5 Bf7 27. Nxf4 Qxf4 28. Qg1
Rxg2+ 29. Qxg2 a3 30. b4 1-0

[Event "Challenge"]
[Site "http://www.queenalice.com/game.php?id=1862819"]
[Date "2025.9.11"]
[Round "-"]
[White "Capixaba789"]
[Black "digger"]
[Result "1-0"]
[WhiteElo "1914"]
[BlackElo "1677"]

1. d4 d5 2. Nc3 c6 3. f4 e6 4. Nf3 Nf6 5. e3 Bb4 6. Bd3 O-O 7. O-O Qa5 8. Bd2
Qb6 9. Ne5 Bxc3 10. Bxc3 Nfd7 11. Qg4 Nxe5 12. fxe5 Qd8 13. a3 f5 14. exf6 Rxf6
15. Rxf6 Qxf6 16. Rf1 Qe7 17. Bb4 Qe8 18. Rf8+ Qxf8 19. Bxf8 Kxf8 20. Bxh7 Na6
21. Qh4 Bd7 22. Bg6 Rc8 23. Qh8+ Ke7 24. Qxg7+ Kd8 25. b4 b5 26. h4 Kc7 27. h5
Kd6 28. Qe5+ Ke7 29. Qg7+ Kd8 30. g4 Nc7 31. h6 Be8 32. Bxe8 Nxe8 33. Qxa7 Nd6
34. h7 Ne8 35. h8=Q Rc7 36. Qxc7+ Kxc7 37. Qxe8 1-0

[Event "Let's Play 875"]
[Site "http://www.queenalice.com/game.php?id=1863852"]
[Date "2025.10.6"]
[Round "-"]
[White "digger"]
[Black "alterego"]
[Result "1-0"]
[WhiteElo "1728"]
[BlackElo "1557"]

1. d4 g6 2. c3 Bg7 3. e3 a6 4. Qf3 c6 5. Bc4 d5 6. Bb3 b5 7. e4 Nf6 8. e5 Bg4 9.
Qf4 O-O 10. exf6 Bh8 11. Qxg4 Bxf6 12. Be3 Nd7 13. Bf4 e5 14. Be3 exd4 15. Bxd4
Qe7+ 16. Ne2 Rae8 17. Bd1 Bxd4 18. cxd4 Nf6 19. Qf3 Qb4+ 20. Qc3 Qd6 21. Qd3
Qb4+ 22. Qd2 Qd6 23. O-O Ne4 24. Qf4 Qb4 25. b3 Nd6 26. Nd2 f5 27. a3 Qa5 28. b4
Qd8 29. Rc1 Nc4 30. Nxc4 Re4 31. Qd2 bxc4 32. Rc3 Rfe8 33. Re1 Qh4 34. f3 R4e6
35. g3 Qf6 36. f4 h5 37. Kf2 Kg7 38. a4 h4 39. Rc2 h3 40. Rc3 R6e7 41. Rc1 Qe6
42. Rc3 Qe4 43. Rg1 Qb1 44. b5 cxb5 45. axb5 axb5 46. Rc1 Qe4 47. Nc3 Qe6 48.
Bf3 b4 49. Nxd5 c3 50. Qc2 Rd7 51. Rge1 Qf7 52. Nxb4 Rxe1 53. Rxe1 Qc4 54. Nc6
Rc7 55. Ne5 Qxd4+ 56. Kf1 Rc5 57. Rd1 Qe3 58. Rd7+ Kh6 59. Rd3 Rxe5 60. Rxe3
Rxe3 61. Kf2 Re6 62. Qxc3 1-0

[Event "Let's Play 876"]
[Site "http://www.queenalice.com/game.php?id=1863853"]
[Date "2025.10.6"]
[Round "-"]
[White "alterego"]
[Black "digger"]
[Result "0-1"]
[WhiteElo "1568"]
[BlackElo "1703"]

1. d4 d5 2. g3 Nf6 3. Bg2 c6 4. Nf3 Qa5+ 5. Bd2 Qb6 6. b3 Nbd7 7. Nc3 e6 8. O-O
Bb4 9. Na4 Qa5 10. c3 Bd6 11. c4 Qc7 12. c5 Be7 13. b4 O-O 14. Bf4 Qd8 15. Ne5
b5 16. Nc3 a5 17. Nxd7 Bxd7 18. a3 axb4 19. axb4 Rxa1 20. Qxa1 Qa8 21. Qxa8 Rxa8
22. e4 Ra3 23. Ne2 Nxe4 24. f3 Nd2 25. Bxd2 h6 26. f4 g6 27. f5 g5 28. g4 Kg7
29. Ng3 Bf6 30. Nh5+ Kf8 31. Nxf6 Bc8 32. fxe6 Bxe6 33. Nh5 Bxg4 34. Nf6 Be2 35.
Nd7+ Ke7 36. Ne5 Bxf1 37. Bxf1 Ra6 38. Be2 f6 39. Ng6+ Kf7 40. Bh5 Ra1+ 41. Kf2
Ra3 42. Nh8+ Kg7 43. Nf7 Rh3 44. Bg4 Rxh2+ 45. Ke1 Kxf7 46. Bd7 Rh1+ 47. Ke2 Rh4
48. Bxc6 Ke6 49. Bxb5 Rxd4 50. c6 Kd6 51. Be3 Rxb4 52. c7 Kxc7 53. Be8 Rb2+ 54.
Bd2 Kd6 55. Bg6 Rb3 56. Bd3 Ke5 0-1

[Event "Let's Play 877"]
[Site "http://www.queenalice.com/game.php?id=1863854"]
[Date "2025.10.7"]
[Round "-"]
[White "digger"]
[Black "Capixaba789"]
[Result "1/2-1/2"]
[WhiteElo "1706"]
[BlackElo "1879"]

1. e4 Nf6 2. d3 e5 3. Bg5 Be7 4. Nc3 O-O 5. Qf3 c5 6. Nh3 Nc6 7. Be2 d6 8. Qg3
Be6 9. Bh6 g6 10. Bxf8 Qxf8 11. O-O Nd4 12. Rac1 b5 13. a4 b4 14. Qe3 bxc3 15.
bxc3 Nxe2+ 16. Qxe2 Bxh3 17. gxh3 Nh5 18. f3 Nf4 19. Qe1 Nxh3+ 20. Kg2 Qh6 21.
Qg3 Nf4+ 22. Kh1 a5 23. Qg4 Qf8 24. c4 Rb8 25. Rfe1 Rb4 26. Ra1 Qe8 27. h3 Qf8
28. Reb1 Qb8 29. Rxb4 cxb4 30. Rb1 Bd8 31. Kh2 Qc7 32. Re1 Qc5 33. Qg1 Qc8 34.
Qg3 g5 35. h4 h6 36. h5 Bf6 37. Rb1 Qd7 38. Ra1 Kg7 39. Ra2 Nxh5 40. Qg2 Nf4 41.
Qf1 Qa7 42. Rb2 Qd4 43. Ra2 Kg6 44. Kg3 h5 45. Ra1 h4+ 46. Kh2 Ne2 47. Qxe2 Qxa1
48. Qd2 Qf1 49. Qg2 Qc1 50. Kh3 Qf4 51. Qg4 Qd2 52. Qg2 Qf4 53. Qg4 Qd2 54. Qg2
Qf4 55. Qg4 1/2-1/2

[Event "Let's Play 878"]
[Site "http://www.queenalice.com/game.php?id=1863894"]
[Date "2025.10.7"]
[Round "-"]
[White "digger"]
[Black "Capixaba789"]
[Result "0-1"]
[WhiteElo "1717"]
[BlackElo "1832"]

1. Nf3 d6 2. e4 e5 3. d3 f5 4. Bg5 Nf6 5. Nc3 Be7 6. h4 c5 7. b3 O-O 8. a4 Nc6
9. Qd2 f4 10. Be2 Be6 11. O-O Qc7 12. Nb5 Qc8 13. Qc3 Qd8 14. Nd2 Ng4 15. Bxe7
Qxe7 16. g3 Rac8 17. Kg2 a6 18. Na3 Nd4 19. Bxg4 Bxg4 20. f3 Bh5 21. Kh3 Kh8 22.
Rf2 fxg3 23. Rff1 Nxf3 24. Nac4 Qe6+ 25. Kg2 Nxh4+ 26. Kxg3 Qg4+ 27. Kh2 Qg2#
0-1

[Event "Let's Play 879"]
[Site "http://www.queenalice.com/game.php?id=1863895"]
[Date "2025.10.7"]
[Round "-"]
[White "Capixaba789"]
[Black "digger"]
[Result "1-0"]
[WhiteElo "1870"]
[BlackElo "1713"]

1. d4 d5 2. Nc3 Nf6 3. e4 dxe4 4. Be3 Bf5 5. Bc4 e6 6. Qd2 Nc6 7. a4 Na5 8. Ba2
b6 9. Nge2 c5 10. O-O cxd4 11. Nxd4 Rc8 12. Rad1 Bg6 13. f4 Bb4 14. Qe2 Qc7 15.
Ncb5 Qe7 16. c3 Bc5 17. Kh1 Rd8 18. b4 Bxd4 19. Bxd4 Nb7 20. Nxa7 Ra8 21. Bxb6
Bh5 22. Qb5+ Nd7 23. Rde1 Bg6 24. Bd4 Nd6 25. Qe2 O-O 26. Nc6 Qe8 27. a5 Nb5 28.
Qxb5 Rc8 29. Ne5 Nxe5 30. Qxe5 f6 31. Qxe6+ Kh8 32. f5 Qxe6 33. Bxe6 Rce8 34.
Bc5 Bxf5 35. Bxf5 Rf7 36. Rxe4 Rxe4 37. Bxe4 g6 38. Rxf6 Rxf6 39. Bd4 Kg7 40.
Bxf6+ Kxf6 41. a6 Ke5 42. Bb7 Kd6 43. a7 Ke6 44. a8=Q Kf5 45. c4 Ke5 46. Bd5 Kd4
47. b5 Kc5 48. Qc6+ Kd4 49. b6 Ke5 50. b7 g5 51. b8=Q+ Kd4 52. Qh8+ Kd3 53.
Qxh7+ Kd4 54. Qg7+ Kd3 55. Qxg5 Kd4 56. Qd2+ Ke5 57. Qe6# 1-0

[Event "Challenge"]
[Site "http://www.queenalice.com/game.php?id=1864305"]
[Date "2025.10.15"]
[Round "-"]
[White "digger"]
[Black "dosoldini"]
[Result "1-0"]
[WhiteElo "1714"]
[BlackElo "1657"]

1. e4 e5 2. d4 d5 3. dxe5 dxe4 4. Qxd8+ Kxd8 5. Nc3 Bf5 6. Be3 f6 7. exf6 Nxf6
8. O-O-O+ Bd7 9. Bc4 b5 10. Be6 Bd6 11. Bxd7 Nbxd7 12. Nxb5 Bc5 13. Bxc5 a6 14.
Na3 Kc8 15. Be3 Rf8 16. f3 h6 17. Nh3 Ne5 18. Bf4 Nfd7 19. Rd5 Re8 20. fxe4 c6
21. Ra5 c5 22. b3 Nc6 23. Ra4 Nb6 24. e5 Nxa4 25. bxa4 Nb4 26. Kb2 Rb8 27. Bg3
Nd5+ 28. Kc1 Nc3 29. Kd2 Ne4+ 30. Kc1 Nxg3 31. hxg3 Rxe5 32. Nc4 Re6 33. Nf4 Rc6
34. Nd5 Re6 35. Rf1 Kd7 36. Rf7+ 1-0

[Event "Let's Play 880"]
[Site "http://www.queenalice.com/game.php?id=1865243"]
[Date "2025.11.6"]
[Round "-"]
[White "digger"]
[Black "alterego"]
[Result "1-0"]
[WhiteElo "1734"]
[BlackElo "1575"]

1. d4 g6 2. e4 Bg7 3. c3 a6 4. Qf3 Nf6 5. e5 Nh5 6. Bc4 O-O 7. Bg5 c6 8. Ne2 d5
9. Bb3 b5 10. O-O f6 11. exf6 exf6 12. Bd2 f5 13. g3 Nf6 14. h3 a5 15. Re1 Ne4
16. Be3 Be6 17. Nf4 Ng5 18. Qg2 Nd7 19. a4 b4 20. Nd2 Nf6 21. h4 Nge4 22. f3
Nxd2 23. Qxd2 Qb6 24. Nxe6 Rf7 25. Rab1 c5 26. Bf2 c4 27. Bd1 b3 28. Ng5 Bh6 29.
f4 Rff8 30. Ne6 Ng4 31. Nxf8 Bxf8 32. Bxg4 fxg4 33. Qe3 Qf6 34. Re2 Qf5 35. Qe6+
Kg7 36. Qxf5 gxf5 37. Rbe1 Kh6 38. Re6+ Kh5 39. R1e5 1-0

[Event "Let's Play 881"]
[Site "http://www.queenalice.com/game.php?id=1865244"]
[Date "2025.11.6"]
[Round "-"]
[White "alterego"]
[Black "digger"]
[Result "0-1"]
[WhiteElo "1544"]
[BlackElo "1744"]

1. d4 d5 2. g3 Bf5 3. Bg2 c6 4. Nf3 Nf6 5. O-O Qd6 6. a3 c5 7. b4 c4 8. c3 Nc6
9. Bf4 Qd7 10. b5 Na5 11. Nbd2 Qxb5 12. Rb1 Qa6 13. Rb2 b5 14. Ne5 Qb6 15. a4 a6
16. e4 Be6 17. exd5 Bxd5 18. Bxd5 Nxd5 19. Nexc4 Nxc4 20. Nxc4 Qc6 21. Na5 Qxc3
22. Qd2 Qxd2 23. Bxd2 bxa4 24. Nc6 f6 25. Re1 Kd7 26. Nb8+ Kc8 27. Rc1+ Nc7 28.
Nc6 e6 29. Bf4 Ba3 30. Ne7+ Bxe7 31. Bxc7 Kd7 32. Ba5 Bd6 33. Rb7+ Ke8 34. Rxg7
Bf8 35. Rg4 f5 36. Rf4 Bh6 37. d5 Bxf4 38. gxf4 Kd7 39. h3 h5 40. Rc6 Rhc8 41.
Rxe6 Rc5 42. Rh6 Rg8+ 43. Kh2 Rxa5 44. Rxh5 Rxd5 45. Rh6 Rd2 46. Rxa6 Rxf2+ 47.
Kh1 Rxf4 48. Ra7+ Kc6 49. Ra5 Rg3 50. Kh2 Rgf3 51. h4 Rxh4+ 52. Kg1 Rg4+ 53. Kh2
Kb6 54. Ra8 a3 0-1

[Event "Let's Play 882"]
[Site "http://www.queenalice.com/game.php?id=1865245"]
[Date "2025.11.7"]
[Round "-"]
[White "digger"]
[Black "Mlintz"]
[Result "1-0"]
[WhiteElo "1711"]
[BlackElo "1884"]

1. e4 e5 2. d4 exd4 3. Qxd4 Nc6 4. Qd5 Nf6 5. Qc4 Qe7 6. Nc3 a6 7. f3 Nb4 8. Bd3
d5 9. Qd4 c5 10. Qf2 c4 11. Bf1 b5 12. a3 Nc6 13. Qb6 Bb7 14. Be2 dxe4 15. fxe4
h6 16. Bf3 Rb8 17. Nge2 Ne5 18. Nd4 Bxe4 19. Qxb8+ Kd7 20. Qa7+ Ke8 21. Qxe7+
Bxe7 22. Bxe4 Bc5 23. Nf5 g6 24. Ng3 Kf8 25. Bf4 Ned7 26. O-O-O Kg7 27. Bb7 g5
28. Bc7 b4 29. axb4 Be3+ 30. Kb1 Ng4 31. Rxd7 1-0

[Event "Let's Play 883"]
[Site "http://www.queenalice.com/game.php?id=1865246"]
[Date "2025.11.7"]
[Round "-"]
[White "Mlintz"]
[Black "digger"]
[Result "1-0"]
[WhiteElo "1892"]
[BlackElo "1737"]

1. e4 e5 2. Nf3 Nc6 3. Bc4 Qf6 4. Nc3 Nge7 5. b3 Ng6 6. Nd5 Bd6 7. d3 Qd8 8. Bb2
Nb4 9. Nxb4 Bxb4+ 10. c3 Bc5 11. a4 Qf6 12. a5 Nh4 13. d4 exd4 14. cxd4 Bb4+ 15.
Kf1 Nxf3 16. Qxf3 Qxf3 17. gxf3 O-O 18. Rg1 Bd2 19. e5 a6 20. d5 d6 21. e6 fxe6
22. dxe6 Re8 23. Bxg7 Bxe6 24. Bxe6+ Rxe6 25. Bc3+ Kf7 26. Bxd2 h6 27. Bc3 Kf8
28. Rg7 Rc8 29. Rh7 Ree8 30. Rxh6 Rcd8 31. Ra4 Rd7 32. Rh8+ Kf7 33. Rf4+ Ke7 34.
Re4+ Kf7 35. Rexe8 c5 36. h4 b5 37. axb6 Kg6 38. h5+ Kg5 39. Bd2+ Kf6 40. h6 Kg6
41. h7 Rxh7 42. Rxh7 Kxh7 43. Re6 Kg7 44. b7 Kf7 45. Rxd6 Ke7 46. Rxa6 1-0

[Event "Let's Play 888"]
[Site "http://www.queenalice.com/game.php?id=1865364"]
[Date "2025.11.10"]
[Round "-"]
[White "askasl159"]
[Black "digger"]
[Result "0-1"]
[WhiteElo "1694"]
[BlackElo "1727"]

1. e4 d5 2. exd5 Qxd5 3. Nc3 Qe5+ 4. Qe2 Qxe2+ 5. Bxe2 e5 6. Nf3 Nc6 7. O-O Bd6
8. Bb5 Bd7 9. Nd5 O-O-O 10. d4 e4 11. Nd2 Nxd4 12. Bxd7+ Rxd7 13. c3 Ne2+ 14.
Kh1 f5 15. Re1 Nxc1 16. Raxc1 c6 17. Ne3 Bf4 18. Ndc4 b5 19. Na5 Kc7 20. g3 Be5
21. Nxf5 Rf7 22. g4 g6 23. Nd4 Rxf2 24. Re2 Rxe2 25. Nxe2 Ne7 26. Nd4 h5 27.
gxh5 Rxh5 28. c4 Bxd4 29. cxb5 Rxb5 30. Nb3 Bxb2 31. Rc2 Bf6 32. Rc4 e3 33. Re4
Bg5 34. h4 Bf6 35. Kh2 Kd6 36. Rxe3 Bxh4 37. Kh3 Bf2 38. Rf3 Rh5+ 39. Kg2 Bh4
40. Rd3+ Rd5 41. Rc3 Bf6 42. Rc2 a5 43. Kf3 a4 44. Nd2 Kc7 45. Ne4 Rf5+ 46. Kg4
Bd4 47. Ng3 Re5 48. Rc4 Bf2 49. Ne4 Bg1 50. Rxa4 Nd5 51. Kf3 g5 52. Kg4 Be3 53.
Rc4 Nb6 54. Rb4 c5 55. Rb3 c4 56. Rc3 Bd4 57. Rf3 Kc6 58. Nxg5 c3 59. Rf1 Nc4
60. Nf3 Rd5 61. Ne1 Ne3+ 0-1

[Event "Let's Play 889"]
[Site "http://www.queenalice.com/game.php?id=1865365"]
[Date "2025.11.10"]
[Round "-"]
[White "digger"]
[Black "askasl159"]
[Result "0-1"]
[WhiteElo "1742"]
[BlackElo "1679"]

1. Nc3 d5 2. d4 g6 3. e3 Bg7 4. Qf3 Nf6 5. Bd2 O-O 6. Bd3 Nc6 7. O-O-O b6 8. Kb1
Bg4 9. Qg3 Bxd1 10. Nxd1 Nh5 11. Qf3 e5 12. Bb5 Qd7 13. c3 exd4 14. exd4 a6 15.
Ba4 b5 16. Bb3 Nf6 17. Ne2 Ne4 18. Be3 Na5 19. Bc2 Rfe8 20. Qf4 Nc4 21. Bb3 Nxe3
22. Nxe3 Nd2+ 23. Kc2 Nxb3 24. axb3 Re4 25. Qf3 Rae8 26. Kd3 c5 27. Ra1 c4+ 28.
bxc4 dxc4+ 29. Kd2 Qd6 30. Re1 b4 31. Ng3 bxc3+ 32. bxc3 Qa3 33. Nxe4 f5 34. Ng3
Qb2+ 35. Nc2 Bh6+ 36. Re3 Bxe3+ 37. fxe3 a5 38. Qd5+ Kf8 39. Qxa5 Rb8 40. Qc5+
Kg7 41. Qxc4 Kh6 42. d5 Qb1 43. Nf1 Rb2 44. Qd3 Rb5 45. c4 Rb3 46. Qe2 Qb2 47.
Ke1 Qc1+ 48. Kf2 f4 49. e4 Rb2 50. Kf3 Rxc2 51. Qd3 Rc3 52. Ke2 Rxd3 53. Kxd3
Qxf1+ 54. Kd4 Qxg2 55. Kd3 f3 56. d6 f2 57. d7 f1=Q+ 58. Kd4 Qg5 59. e5 Qd1+ 60.
Ke4 Qf5+ 61. Ke3 Qdd3# 0-1